000 00478nam a2200193Ia 4500
008 151121s9999||||xx |||||||||||||| ||und||
082 _a080 /GRE
082 _bHNW-67715
100 _aGreenless Duncan
245 4 _aThe Gospel Of Israel
260 _bTheosophical Pub। House।
260 _c--
300 _a384
600 _aGreenless Duncan
630 _aThe Gospel Of Israel
700 _aGreenless Duncan
730 _aThe Gospel Of Israel
942 _cBOOK
999 _c1249209
_d1249206